00449nam a2200169Ia 450000500170000000800410001702000150005808200210007310000190009424500610011326000380017430000180021265000160023065000120024665000090025865000120026720250312045232.0240331s9999 xx 000 0 und d a0415053749 bYOU24323a304.8 aYoung, R. J. C 0aColonial Desires:bHybridity in Theory, Culture and Race aNew YorkaLondonbRoutledgec1995 axiii, 236 p., aColonialism aCulture aRace aHistory